书目信息 |
| 题名: |
风月
|
|
| 作者: | 楚人 著 | |
| 分册: | ||
| 出版信息: | 北京 中国长安出版社 2006.12 |
|
| 页数: | 209页 | |
| 开本: | 23cm | |
| 丛书名: | ||
| 单 册: | ||
| 中图分类: | K825.4 | |
| 科图分类: | ||
| 主题词: | 文化--wen hua--名人--生平事迹--中国--古代 | |
| 电子资源: | ||
| ISBN: | 7-80175-530-8 | |
| 000 | 00892nam0 2200229 450 | |
| 001 | 012007174234 | |
| 005 | 20070927095206.95 | |
| 010 | @a7-80175-530-8@dCNY23.80 | |
| 100 | @a20070721d2006 km y0chiy0120 ea | |
| 101 | 0 | @achi |
| 102 | @aCN@b110000 | |
| 105 | @aa z 000yd | |
| 200 | 1 | @a风月@Afeng yue@e问世间情为何物@f楚人著@Fchu ren zhu |
| 210 | @a北京@c中国长安出版社@d2006.12 | |
| 215 | @a209页@c图@d23cm | |
| 330 | @a本书讲述我国古代文人与女性交往的故事,相遇相知、诗词唱和,红颜知己、多情重义,名士风流、才女风采,真情与才情交融,留下千古名篇供后人赞叹。而作者深厚的学术背景使这些被他称为闲来之笔的文字独具韵味,并因其大量史料的支撑而令人浮想联翩,回味无穷。 | |
| 517 | 1 | @a问世间情为何物@Awen shi jian qing wei he wu |
| 606 | 0 | @a文化@Awen hua@x名人@x生平事迹@y中国@z古代 |
| 690 | @aK825.4@v4 | |
| 701 | 0 | @a楚人@Achu ren@4著 |
| 801 | 0 | @aCN@c20070927 |
| 905 | @dK825.4@eC897 | |
| 风月:问世间情为何物/楚人著.-北京:中国长安出版社,2006.12 |
| 209页:图;23cm |
| ISBN 7-80175-530-8:CNY23.80 |
| 本书讲述我国古代文人与女性交往的故事,相遇相知、诗词唱和,红颜知己、多情重义,名士风流、才女风采,真情与才情交融,留下千古名篇供后人赞叹。而作者深厚的学术背景使这些被他称为闲来之笔的文字独具韵味,并因其大量史料的支撑而令人浮想联翩,回味无穷。 |
| ● |
| 相关链接 |
|
|
|
正题名:风月
索取号:K825.4/C897
 
预约/预借
| 序号 | 登录号 | 条形码 | 馆藏地/架位号 | 状态 | 备注 |
| 1 | 245600 | 202456001 | 社科库309/309社科库 49排5列4层/ [索取号:K825.4/C897] | 在馆 | |
| 2 | 245601 | 202456010 | 社科库309/309社科库 49排5列4层/ [索取号:K825.4/C897] | 在馆 | |
| 3 | 245602 | 202456029 | 社科库309/309社科库 49排5列4层/ [索取号:K825.4/C897] | 在馆 |